[Event "AUT2o-chT"]
[Site "Lackenbach"]
[Date "2000.11.18"]
[Round "3.5"]
[White "Eibersberger, Manfred"]
[Black "Bachofner, Christian"]
[Result "1/2-1/2"]
[WhiteElo "2158"]
[BlackElo "2085"]
[PlyCount "56"]
[EventDate "2000.11.18"]

1. c4 Nf6 2. Nc3 c6 3. e4 d5 4. cxd5 cxd5 5. e5 d4 6. exf6 dxc3 7. fxg7 cxd2+
8. Bxd2 Bxg7 9. Qc2 Nc6 10. Nf3 Qb6 11. Bc3 Bxc3+ 12. Qxc3 Qb4 13. Qxb4 Nxb4
14. Bb5+ Bd7 15. Bxd7+ Kxd7 16. O-O e6 17. Rad1+ Ke7 18. a3 Nc6 19. Rd2 Rad8
20. Rfd1 Rxd2 21. Rxd2 Rd8 22. Rxd8 Nxd8 23. Kf1 f6 24. Ke2 e5 25. Ke3 Ke6 26.
Nd2 f5 27. f4 exf4+ 28. Kxf4 Kf6 1/2-1/2

[Event "AUT2o-chT"]
[Site "Lackenbach"]
[Date "2000.11.18"]
[Round "3.6"]
[White "Steinert, Martin"]
[Black "Herndlbauer, Martin"]
[Result "0-1"]
[WhiteElo "2132"]
[BlackElo "2157"]
[PlyCount "82"]
[EventDate "2000.11.18"]

1. d4 d5 2. c4 c6 3. Nc3 dxc4 4. e3 b5 5. Nxb5 cxb5 6. Qf3 Qc7 7. Qxa8 Bb7 8.
Qxa7 e5 9. Bxc4 Bb4+ 10. Bd2 Bxd2+ 11. Kxd2 bxc4 12. Nf3 Na6 13. Nxe5 Ne7 14.
Rhc1 Nc8 15. Rxc4 Nxa7 16. Rxc7 Nxc7 17. Rc1 Na6 18. b4 Ke7 19. a4 Ra8 20. Rb1
Bxg2 21. b5 Be4 22. Rb2 Nb8 23. f3 f6 24. fxe4 fxe5 25. a5 Nd7 26. b6 Rb8 27.
bxa7 Rxb2+ 28. Kc1 Rb8 29. axb8=Q Nxb8 30. Kc2 Nc6 31. a6 Nb4+ 32. Kb3 Nxa6 33.
Kc4 Kd6 34. Kd3 Nc7 35. Ke2 Ne6 36. Kf3 exd4 37. exd4 Nxd4+ 38. Kf4 Ke6 39. h4
Ne2+ 40. Ke3 Ke5 41. Kxe2 Kxe4 0-1

[Event "AUT2o-chT"]
[Site "Lackenbach"]
[Date "2000.11.19"]
[Round "4.1"]
[White "Videki, Sandor"]
[Black "Vlcek, Stanislav"]
[Result "1/2-1/2"]
[WhiteElo "2404"]
[BlackElo "2326"]
[PlyCount "51"]
[EventDate "2000.11.19"]

1. e4 c5 2. Nf3 d6 3. d4 cxd4 4. Nxd4 Nf6 5. Nc3 a6 6. Bg5 e6 7. f4 Nbd7 8. Qf3
Qc7 9. O-O-O b5 10. Bxb5 axb5 11. e5 Ra5 12. exf6 gxf6 13. Ncxb5 Qb6 14. Qc3
Bb7 15. Nc7+ Ke7 16. Rhe1 fxg5 17. Nb3 Ra4 18. Nxe6 fxe6 19. Qxh8 Rxf4 20.
Qxh7+ Rf7 21. Qh5 Bg7 22. Qxg5+ Bf6 23. Qh5 Ne5 24. Qh3 Bd5 25. Kb1 Qb7 26. Re2
1/2-1/2

[Event "AUT2o-chT"]
[Site "Lackenbach"]
[Date "2000.11.19"]
[Round "4.3"]
[White "Hechl, Gerald"]
[Black "Juraczka, Franz"]
[Result "1/2-1/2"]
[WhiteElo "2216"]
[BlackElo "2238"]
[PlyCount "90"]
[EventDate "2000.11.19"]

1. c4 c5 2. Nf3 Nf6 3. Nc3 d5 4. cxd5 Nxd5 5. e4 Nb4 6. Bb5+ N8c6 7. d4 cxd4 8.
a3 dxc3 9. Qxd8+ Kxd8 10. axb4 cxb2 11. Bxb2 e6 12. O-O f6 13. Bxc6 bxc6 14. e5
Be7 15. Bd4 c5 16. bxc5 Bb7 17. exf6 gxf6 18. Ng5 Kd7 19. Rfd1 Rhg8 20. Bxf6+
Ke8 21. Bxe7 Kxe7 22. f4 h6 23. c6 Bxc6 24. Ra6 Bd5 25. Nxe6 Bb7 26. Rad6 Rxg2+
27. Kf1 Bf3 28. Nd4 Bxd1 29. Nf5+ Kf7 30. Nxh6+ Kf8 31. Kxg2 Bb3 32. Ra6 Bc4
33. Ra5 a6 34. Nf5 Rd8 35. Ne3 Rd2+ 36. Kf3 Bb5 37. h4 Kf7 38. Ra3 Kg6 39. Ke4
Kh5 40. Nf5 Re2+ 41. Kf3 Re1 42. Ng3+ Kxh4 43. Ra2 Bc6+ 44. Kf2 Rc1 45. Ne2 Rh1
1/2-1/2

[Event "AUT2o-chT"]
[Site "Lackenbach"]
[Date "2000.11.19"]
[Round "4.4"]
[White "Bachofner, Andreas"]
[Black "Wanderer, Thomas"]
[Result "1/2-1/2"]
[WhiteElo "2179"]
[BlackElo "2178"]
[PlyCount "21"]
[EventDate "2000.11.19"]

1. e4 c5 2. Nf3 Nc6 3. Nc3 d6 4. d4 cxd4 5. Nxd4 g6 6. Be3 Bg7 7. Be2 Nf6 8.
O-O O-O 9. Kh1 d5 10. exd5 Nxd5 11. Nxd5 1/2-1/2

[Event "AUT2o-chT"]
[Site "Lackenbach"]
[Date "2000.11.19"]
[Round "4.5"]
[White "Wandl, Werner"]
[Black "Bachofner, Christian"]
[Result "1/2-1/2"]
[WhiteElo "2162"]
[BlackElo "2085"]
[PlyCount "66"]
[EventDate "2000.11.19"]

1. e4 c5 2. Nc3 d6 3. g3 Nc6 4. Bg2 g6 5. d3 Bg7 6. f4 e6 7. Be3 Nd4 8. Nf3 Ne7
9. O-O O-O 10. Qd2 Rb8 11. Rae1 b5 12. Nd1 b4 13. e5 Nxf3+ 14. Bxf3 Nf5 15. Bf2
Bb7 16. Be4 Qc7 17. g4 Nd4 18. Bxd4 cxd4 19. exd6 Qxd6 20. f5 exf5 21. gxf5
Bxe4 22. Rxe4 Rb5 23. fxg6 hxg6 24. Rf2 Rh5 25. Qe2 Rg5+ 26. Kf1 Qd5 27. Qd2
Bh6 28. Qxb4 f5 29. Re7 Qh1+ 30. Ke2 Rg1 31. Qc4+ Kh8 32. Qxd4+ Kg8 33. Qc4+
Kh8 1/2-1/2

[Event "AUT2o-chT"]
[Site "Lackenbach"]
[Date "2000.11.19"]
[Round "4.6"]
[White "Steinert, Martin"]
[Black "Mayr, Thomas"]
[Result "1-0"]
[WhiteElo "2132"]
[BlackElo "2049"]
[PlyCount "81"]
[EventDate "2000.11.19"]

1. d4 d5 2. c4 c6 3. Nc3 Nf6 4. Nf3 e6 5. e3 Nbd7 6. Bd3 dxc4 7. Bxc4 b5 8. Bd3
a6 9. e4 c5 10. d5 c4 11. Bc2 Qc7 12. O-O Bb7 13. dxe6 fxe6 14. Ng5 Qc6 15. Qf3
h6 16. Qh3 Nc5 17. Rd1 Rg8 18. Nf3 Nfd7 19. Nd4 Qb6 20. Be3 O-O-O 21. b4 cxb3
22. Nxb3 Be7 23. a4 Qc7 24. axb5 Bf6 25. Nd4 Rge8 26. bxa6 Bxa6 27. Ncb5 Bxb5
28. Nxb5 Qb8 29. Nd6+ Kc7 30. Rab1 Qa8 31. Nxe8+ Rxe8 32. Bxc5 Nxc5 33. Qe3 Be7
34. Bd3 Rb8 35. Rbc1 Qa5 36. Be2 Qb4 37. h3 e5 38. Rc4 Qa5 39. Rdc1 Rb5 40.
R4c2 Kb7 41. Bxb5 1-0

[Event "AUT2o-chT"]
[Site "Lackenbach"]
[Date "2000.11.19"]
[Round "4.2"]
[White "Brandner, Stefan"]
[Black "Stranz, Richard"]
[Result "1-0"]
[WhiteElo "2344"]
[BlackElo "2254"]
[PlyCount "43"]
[EventDate "2000.11.19"]

1. e4 e6 2. d4 d5 3. Nd2 dxe4 4. Nxe4 Nd7 5. Nf3 Ngf6 6. Nxf6+ Nxf6 7. Bd3 c5
8. Be3 Qc7 9. Qe2 Bd6 10. O-O-O O-O 11. dxc5 Bxc5 12. Bxc5 Qxc5 13. Ne5 Qc7 14.
g4 Nd5 15. g5 f5 16. gxf6 Rxf6 17. Rhg1 Nf4 18. Qe4 Rf5 19. Ng4 Kf8 20. Ne3
Nxd3+ 21. Rxd3 Rh5 22. Qf3+ 1-0

[Event "AUT2o-chT"]
[Site "Lackenbach"]
[Date "2000.11.19"]
[Round "4.3"]
[White "Krpelan, Wolfgang"]
[Black "Sulyok, Michael"]
[Result "1/2-1/2"]
[WhiteElo "2169"]
[BlackElo "2272"]
[PlyCount "47"]
[EventDate "2000.11.19"]

1. d4 d6 2. e4 g6 3. f4 Bg7 4. Nf3 Nf6 5. Bd3 c5 6. c3 O-O 7. dxc5 dxc5 8. e5
Nd5 9. Be4 Nc7 10. Qb3 Nc6 11. Be3 Be6 12. Qa3 Bd5 13. Bxd5 Nxd5 14. Bc1 c4 15.
Qc5 Rc8 16. Qf2 f6 17. e6 Qd6 18. O-O Qxe6 19. Na3 Qf7 20. Nd2 Nb6 21. Qe2 Nd8
22. Ne4 Ne6 23. Be3 f5 24. Bxb6 1/2-1/2

[Event "AUT2o-chT"]
[Site "Lackenbach"]
[Date "2000.11.19"]
[Round "4.4"]
[White "Hardt, Christian"]
[Black "Ranits, Franz"]
[Result "1-0"]
[WhiteElo "2205"]
[BlackElo "2231"]
[PlyCount "59"]
[EventDate "2000.11.19"]

1. b3 d5 2. Bb2 Bf5 3. f4 e6 4. Nf3 Nf6 5. e3 Be7 6. d3 Ng4 7. Qe2 Bf6 8. d4
Nd7 9. Nc3 a6 10. O-O-O h5 11. h3 Nh6 12. e4 dxe4 13. Nxe4 Bxe4 14. Qxe4 c6 15.
g4 Be7 16. Bg2 Qa5 17. Kb1 Nf6 18. Qe5 Qxe5 19. Nxe5 Nd5 20. Bxd5 cxd5 21. c4
Bd6 22. cxd5 exd5 23. Rde1 O-O 24. Nd7 Rfe8 25. Nb6 Rad8 26. Nxd5 hxg4 27. hxg4
Nxg4 28. f5 Bh2 29. Ne7+ Kh7 30. Re4 1-0

[Event "AUT2o-chT"]
[Site "Lackenbach"]
[Date "2000.11.19"]
[Round "4.5"]
[White "Froschauer, Hans"]
[Black "Eibersberger, Manfred"]
[Result "0-1"]
[WhiteElo "2179"]
[BlackElo "2158"]
[PlyCount "92"]
[EventDate "2000.11.19"]

1. Nf3 g6 2. e4 c5 3. d4 Bg7 4. dxc5 Qa5+ 5. c3 Qxc5 6. Be3 Qc7 7. Nbd2 Nc6 8.
h3 Nf6 9. Bc4 O-O 10. O-O b6 11. Qe2 Bb7 12. Bg5 d6 13. Qe3 Nd7 14. Be2 Rad8
15. Nd4 Nc5 16. Bb5 f6 17. Bh4 e5 18. Bc4+ Kh8 19. Nb5 Qd7 20. Rad1 a6 21. Na3
b5 22. Be2 Qf7 23. b4 Ne6 24. Bg3 f5 25. exf5 gxf5 26. Bh4 Bf6 27. Nf3 e4 28.
Ng5 Bxg5 29. Bxg5 f4 30. Bxd8 fxe3 31. fxe3 Qxf1+ 32. Bxf1 Rxd8 33. Nc2 Ne5 34.
Be2 Kg7 35. Nd4 Nxd4 36. Rxd4 Kf6 37. Kf2 d5 38. Rd1 Rc8 39. Rc1 Ke6 40. g4
Rf8+ 41. Kg3 Nc4 42. Bxc4 dxc4 43. Re1 Rf3+ 44. Kg2 Ke5 45. Re2 Bd5 46. Re1 Be6
0-1

[Event "AUT2o-chT"]
[Site "Lackenbach"]
[Date "2000.11.19"]
[Round "4.6"]
[White "Herndlbauer, Martin"]
[Black "Herbst, Daniel"]
[Result "0-1"]
[WhiteElo "2157"]
[BlackElo "2090"]
[PlyCount "84"]
[EventDate "2000.11.19"]

1. d4 Nf6 2. c4 g6 3. Nc3 Bg7 4. e4 d6 5. f3 O-O 6. Bg5 Nc6 7. d5 Ne5 8. f4
Ned7 9. Nf3 c6 10. Qd2 Nc5 11. Bd3 Qb6 12. Bb1 Nfxe4 13. Nxe4 Qxb2 14. O-O Qxd2
15. Nexd2 Bxa1 16. Bxe7 Re8 17. Bxd6 b6 18. dxc6 Bg7 19. f5 gxf5 20. Bf4 Be6
21. Ne5 Rac8 22. Ndf3 f6 23. Nd3 Bxc4 24. Nxc5 Bxf1 25. Nb7 Bxg2 26. Kxg2 Rxc6
27. Bxf5 Re2+ 28. Kg3 Rxa2 29. Nd8 Rcc2 30. Be6+ Kf8 31. Bxa2 Rxa2 32. Ne6+ Kf7
33. Ned4 Bf8 34. Kg4 a5 35. Bc7 Bc5 36. Nb3 a4 37. Nxc5 bxc5 38. Bd6 Rc2 39.
Kf5 a3 40. Ne1 Rf2+ 41. Ke4 a2 42. Bxc5 Re2+ 0-1

[Event "AUT2o-chT"]
[Site "Lackenbach"]
[Date "2000.11.19"]
[Round "4.1"]
[White "Alvir, Aco"]
[Black "Tibensky, Robert"]
[Result "1/2-1/2"]
[WhiteElo "2399"]
[BlackElo "2414"]
[PlyCount "112"]
[EventDate "2000.11.19"]

1. e4 g6 2. d4 Bg7 3. Nc3 c5 4. dxc5 Qa5 5. Bd2 Qxc5 6. Nd5 Na6 7. Nf3 e6 8. b4
Qf8 9. Nc3 Qxb4 10. Rb1 Qe7 11. Bxa6 bxa6 12. O-O d6 13. Rb3 Qc7 14. Qa1 Nf6
15. Bg5 O-O 16. Nb5 axb5 17. Bxf6 Bxf6 18. Qxf6 Qd8 19. Qb2 a6 20. Rd1 Bb7 21.
Rbd3 Bxe4 22. Rxd6 Qc7 23. Ne5 Qxc2 24. Qa1 Bd5 25. Nd7 Rfd8 26. Re1 Qxa2 27.
Qe5 Rxd7 28. Rxd7 Qc2 29. g4 Qd3 30. Qf4 Qf3 31. Qxf3 Bxf3 32. h3 a5 33. Rc1 a4
34. Rcc7 Rf8 35. Ra7 Bd5 36. Rdc7 h6 37. f4 Kg7 38. Kf2 g5 39. f5 Kf6 40. Ke3
exf5 41. Ra6+ Be6 42. gxf5 Kxf5 43. Rc5+ Kg6 44. Rxb5 Kg7 45. Rbb6 Rc8 46. h4
Rc3+ 47. Kd2 Rc4 48. hxg5 hxg5 49. Rb5 Rg4 50. Rba5 Bb3 51. Ke3 Bc2 52. Rc5 Bb3
53. Rca5 Kh7 54. Rf5 Rg1 55. Kf2 Rg4 56. Ke3 Kg7 1/2-1/2

[Event "AUT2o-chT"]
[Site "Lackenbach"]
[Date "2000.11.19"]
[Round "4.2"]
[White "Wallner, Joachim"]
[Black "Dueckstein, Andreas"]
[Result "1/2-1/2"]
[WhiteElo "2272"]
[BlackElo "2313"]
[PlyCount "45"]
[EventDate "2000.11.19"]

1. e4 e6 2. d4 d5 3. Nd2 a6 4. c3 c5 5. Ngf3 Nc6 6. Bd3 cxd4 7. cxd4 dxe4 8.
Nxe4 Bb4+ 9. Bd2 Bxd2+ 10. Qxd2 Nf6 11. O-O O-O 12. Rfd1 Qe7 13. Rac1 Rd8 14.
a3 Bd7 15. Bb1 Be8 16. Qd3 Nxe4 17. Qxe4 g6 18. Qf4 Kg7 19. h4 Qf6 20. Qe4 Rd6
21. Rc3 Rad8 22. Rcd3 Qf5 23. Qxf5 1/2-1/2

[Event "AUT2o-chT"]
[Site "Lackenbach"]
[Date "2000.11.19"]
[Round "4.4"]
[White "Fusi, Christoph"]
[Black "Jelinek, Petr"]
[Result "1-0"]
[WhiteElo "2275"]
[BlackElo "2162"]
[PlyCount "55"]
[EventDate "2000.11.19"]

1. e4 d6 2. d4 c6 3. Nc3 Nd7 4. f4 g6 5. Nf3 Bg7 6. Be3 b5 7. Qd2 Nb6 8. h3 h5
9. b3 a5 10. Bd3 e6 11. O-O Ne7 12. Rae1 d5 13. Ne5 b4 14. Nd1 Ba6 15. Bxa6
Rxa6 16. Qe2 Ra8 17. f5 f6 18. Nxg6 Nxg6 19. fxg6 dxe4 20. c4 bxc3 21. Nxc3 f5
22. Rd1 Qc8 23. Qf2 O-O 24. Qh4 Qe8 25. Qxh5 Rf6 26. Qh7+ Kf8 27. Nxe4 Rxg6 28.
Nd6 1-0

[Event "AUT2o-chT"]
[Site "Lackenbach"]
[Date "2000.11.19"]
[Round "4.5"]
[White "Lovrinovic, Christian"]
[Black "Zetthofer, Gerald"]
[Result "1/2-1/2"]
[WhiteElo "2169"]
[BlackElo "2242"]
[PlyCount "70"]
[EventDate "2000.11.19"]

1. d4 d5 2. c4 e6 3. Nc3 Nf6 4. cxd5 exd5 5. Bg5 Be7 6. e3 O-O 7. Bd3 c6 8. Qc2
Nbd7 9. Nge2 Re8 10. h3 Nf8 11. O-O-O b5 12. Kb1 Bd7 13. g4 a5 14. Ng3 g6 15.
Bf4 Be6 16. Rdg1 a4 17. Nce2 Qb6 18. Nf5 N6d7 19. Nxe7+ Rxe7 20. Ng3 b4 21. Qd2
c5 22. dxc5 Nxc5 23. Nf5 Bxf5 24. gxf5 Ne4 25. Bxe4 dxe4 26. Qd6 Rb7 27. Rc1
Qxd6 28. Bxd6 gxf5 29. Rhg1+ Ng6 30. h4 Rd8 31. Bc5 Rc8 32. h5 Rbc7 33. Bxb4
Rxc1+ 34. Rxc1 Rxc1+ 35. Kxc1 Ne5 1/2-1/2

[Event "AUT2o-chT"]
[Site "Lackenbach"]
[Date "2000.11.19"]
[Round "4.6"]
[White "Knoflicek, Ctibor"]
[Black "Monschein, Wolfgang"]
[Result "1/2-1/2"]
[WhiteElo "2156"]
[BlackElo "2107"]
[PlyCount "37"]
[EventDate "2000.11.19"]

1. e4 c6 2. d4 d5 3. Nc3 dxe4 4. Nxe4 Nd7 5. Bc4 Ngf6 6. Ng5 e6 7. Qe2 Nb6 8.
Bd3 h6 9. N5f3 c5 10. dxc5 Bxc5 11. Ne5 O-O 12. Ngf3 Nbd7 13. Bd2 a6 14. O-O-O
Qc7 15. Nxd7 Bxd7 16. Ne5 Bb5 17. g4 Rfc8 18. c3 Bd4 19. Nf3 1/2-1/2

[Event "AUT2o-chT"]
[Site "Lackenbach"]
[Date "2000.11.19"]
[Round "4.1"]
[White "Kummer, Helmut"]
[Black "Rotstein, Arkadij"]
[Result "0-1"]
[WhiteElo "2390"]
[BlackElo "2492"]
[PlyCount "104"]
[EventDate "2000.11.19"]

1. d4 Nf6 2. c4 e6 3. Nc3 d5 4. Bg5 Nbd7 5. e3 h6 6. Bh4 Be7 7. Nf3 O-O 8. Rc1
a6 9. cxd5 exd5 10. Be2 c6 11. O-O Re8 12. Bg3 Nf8 13. Ne5 Bd6 14. Qd3 Qe7 15.
Rce1 Qc7 16. f3 Nh5 17. Bf2 Nf6 18. Bg3 Ne6 19. Bd1 c5 20. Bc2 c4 21. Qd2 b5
22. Bb1 b4 23. Ne2 Bb7 24. Qc2 Nf8 25. e4 dxe4 26. fxe4 Bxe4 27. Qxc4 Bxe5 28.
Qxc7 Bxc7 29. Bxe4 Rxe4 30. Bxc7 Nd5 31. Bg3 Ne6 32. Nc1 Rxd4 33. Nb3 Rc4 34.
Re5 Nf6 35. Ra5 Ne4 36. Be5 f6 37. Bg3 Kf7 38. Rd1 g5 39. Rd7+ Kg6 40. Be1 Rac8
41. Kf1 N6c5 42. Re7 Rc6 43. Re8 Nd6 44. Rg8+ Kf7 45. Rb8 Ndb7 46. Kg1 Rc7 47.
Nxc5 Nxa5 48. Nxa6 Re7 49. Bxb4 Nc6 50. Rb6 Re1+ 51. Kf2 Ree4 52. Kf1 Nxb4 0-1

[Event "AUT2o-chT"]
[Site "Lackenbach"]
[Date "2000.11.19"]
[Round "4.2"]
[White "Lau, Ralf"]
[Black "Sandhu, Mario"]
[Result "1-0"]
[WhiteElo "2498"]
[BlackElo "2285"]
[PlyCount "62"]
[EventDate "2000.11.19"]

1. e4 c6 2. d4 d5 3. Nc3 g6 4. Nf3 Bg7 5. h3 Nf6 6. e5 Ne4 7. Nxe4 dxe4 8. Ng5
c5 9. Bc4 O-O 10. c3 Nc6 11. Be3 cxd4 12. cxd4 b5 13. Bb3 Bb7 14. h4 Qa5+ 15.
Kf1 Rad8 16. h5 Nxe5 17. Nxh7 Bd5 18. Nxf8 Bxf8 19. Bd2 b4 20. dxe5 Bxb3 21.
Qxb3 Rxd2 22. hxg6 Qa6+ 23. Kg1 Qxg6 24. Rh3 Qf5 25. Qe3 Rxb2 26. Rg3+ Bg7 27.
Qd4 Re2 28. e6 f6 29. Qd8+ Kh7 30. Rh3+ Kg6 31. Qe8+ Kg5 1-0

[Event "AUT2o-chT"]
[Site "Lackenbach"]
[Date "2000.11.19"]
[Round "4.3"]
[White "Pingitzer, Harald"]
[Black "Weber, Gerold"]
[Result "1-0"]
[WhiteElo "2278"]
[BlackElo "2383"]
[PlyCount "71"]
[EventDate "2000.11.19"]

1. Nh3 b5 2. a4 b4 3. e4 Bb7 4. Bc4 e6 5. Qe2 Be7 6. O-O d5 7. exd5 exd5 8.
Bb5+ c6 9. Bd3 Kf8 10. c3 a5 11. Bc2 c5 12. d3 Ra6 13. Bf4 Nd7 14. Nd2 g5 15.
Be3 h5 16. d4 c4 17. Rae1 Kg7 18. Bf5 Nf8 19. Kh1 f6 20. Ng1 Nh6 21. Bb1 Bd6
22. h4 Nf7 23. Nh3 Bc8 24. hxg5 fxg5 25. f4 g4 26. Ng5 Be7 27. Nxf7 Kxf7 28.
Nxc4 dxc4 29. Qxc4+ Kg7 30. f5 Nh7 31. f6+ Rxf6 32. Qd3 Nf8 33. d5 h4 34. Bd4
Rhh6 35. Qe3 Kf7 36. Qxh6 1-0

[Event "AUT2o-chT"]
[Site "Lackenbach"]
[Date "2000.11.19"]
[Round "4.4"]
[White "Wukits, Rene"]
[Black "Schwab, Rene"]
[Result "1-0"]
[WhiteElo "2347"]
[BlackElo "2277"]
[PlyCount "117"]
[EventDate "2000.11.19"]

1. d4 Nf6 2. c4 c5 3. d5 e6 4. Nc3 exd5 5. cxd5 Bd6 6. Nf3 O-O 7. Bg5 Re8 8. e3
Bf8 9. Nd2 h6 10. Bh4 d6 11. Bd3 b6 12. Nde4 Be7 13. Bg3 a6 14. a4 Nxe4 15.
Nxe4 Qc7 16. O-O Nd7 17. Rc1 Nf6 18. Nc3 Bb7 19. Bb1 b5 20. b4 Qb6 21. bxc5
dxc5 22. axb5 axb5 23. e4 b4 24. Na4 Qa5 25. Nb2 Ba6 26. Re1 Rad8 27. d6 Qa3
28. Qc2 b3 29. Qd2 Nh5 30. e5 Bg5 31. f4 Nxf4 32. Bxf4 Bxf4 33. Qxf4 Qxb2 34.
Rcd1 Bb7 35. Rd2 Qc3 36. Qf5 g6 37. Qf4 Rxd6 38. Rf1 Rde6 39. Qxf7+ Kh8 40. Rd7
Qe3+ 41. Kh1 Bxg2+ 42. Kxg2 Qg5+ 43. Kh1 R6e7 44. Rxe7 Rxe7 45. Qf8+ Kh7 46.
Rf7+ Rxf7 47. Qxf7+ Kh8 48. Bxg6 Qc1+ 49. Kg2 Qd2+ 50. Kf3 Qd1+ 51. Ke4 Qh1+
52. Kf5 Qf3+ 53. Ke6 Qc6+ 54. Ke7 Qc7+ 55. Kf6 Qd8+ 56. Qe7 Qg8 57. Qe8 Qxe8
58. Bxe8 c4 59. e6 1-0

[Event "AUT2o-chT"]
[Site "Lackenbach"]
[Date "2000.11.19"]
[Round "4.5"]
[White "Schuh, Franz"]
[Black "Wallner, Alfred"]
[Result "1/2-1/2"]
[WhiteElo "2256"]
[BlackElo "2226"]
[PlyCount "98"]
[EventDate "2000.11.19"]

1. c4 c5 2. Nc3 g6 3. g3 Bg7 4. Bg2 Nc6 5. e3 Nh6 6. Nge2 Nf5 7. a3 h5 8. h4
O-O 9. Rb1 a5 10. d3 d6 11. b3 e6 12. Bb2 e5 13. Nd5 Nfe7 14. O-O Rb8 15. Nec3
Bg4 16. Qd2 Be6 17. Nb5 Qd7 18. Nxe7+ Qxe7 19. d4 exd4 20. exd4 cxd4 21. Nxd4
Nxd4 22. Bxd4 Bxd4 23. Qxd4 b5 24. Bd5 Bxd5 25. cxd5 Rfe8 26. Rbc1 Qe5 27. Rfd1
Qf5 28. Kg2 Re4 29. Qd3 b4 30. a4 Qe5 31. Rc7 Re8 32. Qb5 Re2 33. Qd3 Qf6 34.
Qf3 Qxf3+ 35. Kxf3 Rb2 36. Rd3 Ree2 37. Rc6 Rxf2+ 38. Ke3 Rfe2+ 39. Kd4 Red2
40. Rxd6 Rxd3+ 41. Kxd3 Rxb3+ 42. Kd4 Ra3 43. Rd8+ Kg7 44. d6 Kf6 45. Re8 Ra1
46. Kc5 Rc1+ 47. Kd5 Rd1+ 48. Kc6 Rc1+ 49. Kd5 Rd1+ 1/2-1/2

[Event "AUT2o-chT"]
[Site "Lackenbach"]
[Date "2000.11.19"]
[Round "4.6"]
[White "Schwaninger, Wolfgang"]
[Black "Karlusch, Albrecht"]
[Result "1-0"]
[WhiteElo "2108"]
[BlackElo "2154"]
[PlyCount "117"]
[EventDate "2000.11.19"]

1. c4 c5 2. Nc3 Nf6 3. g3 d6 4. Bg2 e6 5. d3 Be7 6. e4 Nc6 7. Nge2 a6 8. O-O
Qc7 9. f4 Rb8 10. a4 b6 11. Kh1 Nd4 12. Nxd4 cxd4 13. Ne2 e5 14. Bd2 a5 15. h3
Nd7 16. Nc1 Nc5 17. f5 Bd7 18. b3 Qd8 19. Qh5 h6 20. Ra2 Bg5 21. h4 Bxd2 22.
Rxd2 Kf8 23. Qd1 f6 24. Bf3 Ke7 25. Bh5 Rg8 26. Rg2 g5 27. Rfg1 Be8 28. Rh2 Rg7
29. hxg5 hxg5 30. Kg2 Bxh5 31. Rxh5 Qe8 32. Rgh1 Qf7 33. Rh6 Rf8 34. R1h5 Rfg8
35. Qh1 Rf8 36. g4 Rfg8 37. Qd1 Ra8 38. Ne2 Rag8 39. Ng3 Rf8 40. Rh3 Qe8 41.
Kf2 Rgg8 42. Rh7+ Rf7 43. R3h6 Rgg7 44. Rxg7 Rxg7 45. Nh5 Rf7 46. Ke2 Qf8 47.
Rg6 Qc8 48. Kd2 Na6 49. Qc1 Qc5 50. Ke2 Qb4 51. Nxf6 Qxb3 52. Nd5+ Kd7 53. Qxg5
Qc2+ 54. Qd2 Qxd2+ 55. Kxd2 Nc5 56. g5 Nxa4 57. Rh6 Nc3 58. g6 Rf8 59. g7 1-0

[Event "AUT2o-chT"]
[Site "Lackenbach"]
[Date "2000.11.19"]
[Round "4.2"]
[White "Groetz, Harald"]
[Black "Rogetzer, Klaus"]
[Result "1-0"]
[WhiteElo "2258"]
[BlackElo "2213"]
[PlyCount "59"]
[EventDate "2000.11.19"]

1. e4 c6 2. d4 d5 3. Nd2 dxe4 4. Nxe4 Bf5 5. Ng3 Bg6 6. h4 h6 7. Nf3 Nd7 8. h5
Bh7 9. Bd3 Bxd3 10. Qxd3 Qc7 11. Bd2 e6 12. O-O-O O-O-O 13. Ne4 Ngf6 14. g3
Nxe4 15. Qxe4 Bd6 16. c4 c5 17. d5 Rhe8 18. Bc3 exd5 19. Qxd5 Be5 20. Qd3 Bxc3
21. Qxc3 Nf6 22. Qc2 Kb8 23. Qf5 Re4 24. Rxd8+ Qxd8 25. Qxc5 Qd3 26. Ne5 Qd8
27. Rd1 Qe8 28. Qd6+ Kc8 29. f4 Re2 30. Qd3 1-0

[Event "AUT2o-chT"]
[Site "Lackenbach"]
[Date "2000.11.19"]
[Round "4.3"]
[White "Steiner, Johann"]
[Black "Wiedermann, Franz"]
[Result "1/2-1/2"]
[WhiteElo "2112"]
[BlackElo "2169"]
[PlyCount "60"]
[EventDate "2000.11.19"]

1. e4 Nf6 2. Nc3 d5 3. exd5 Nxd5 4. Bc4 Nb6 5. Be2 Bf5 6. Bf3 c6 7. Nge2 e6 8.
d3 Be7 9. Be3 O-O 10. g3 e5 11. h4 Nd5 12. Qd2 Nxe3 13. Qxe3 Nd7 14. Ne4 Nc5
15. Nxc5 Qa5+ 16. Nc3 Bxc5 17. Qg5 Be6 18. Kf1 f5 19. Kg2 Qb4 20. Rab1 e4 21.
dxe4 Bxf2 22. Qd2 fxe4 23. Nxe4 Qxd2 24. Nxd2 Rad8 25. Ne4 Bb6 26. a3 Bd5 27.
Rbe1 Bxe4 28. Bxe4 Rd2+ 29. Kh3 Bd4 30. b3 Bf2 1/2-1/2

[Event "AUT2o-chT"]
[Site "Lackenbach"]
[Date "2000.11.19"]
[Round "4.4"]
[White "Voegel, Wolfgang"]
[Black "Angerer, Michael"]
[Result "1/2-1/2"]
[WhiteElo "2174"]
[BlackElo "2046"]
[PlyCount "65"]
[EventDate "2000.11.19"]

1. d4 e6 2. Nf3 d5 3. c4 c6 4. e3 Bd6 5. Bd3 f5 6. O-O Nf6 7. b3 Qe7 8. a4 e5
9. dxe5 Bxe5 10. Nxe5 Qxe5 11. Ra2 Ng4 12. g3 Be6 13. Bb2 Qc7 14. cxd5 cxd5 15.
Nc3 O-O 16. Nb5 Qf7 17. h3 Nf6 18. Bxf6 Qxf6 19. Nc7 Nc6 20. Nxa8 Rxa8 21. f4
Nb4 22. Rd2 Rc8 23. Qb1 Qc3 24. Rfd1 d4 25. Bxf5 Qxe3+ 26. Kh2 Rc3 27. Qe4
Qxg3+ 28. Kh1 Bd5 29. Be6+ Bxe6 30. Qxe6+ Kf8 31. Qf5+ Kg8 32. Qe6+ Kf8 33.
Qf5+ 1/2-1/2

[Event "AUT2o-chT"]
[Site "Lackenbach"]
[Date "2000.11.19"]
[Round "4.6"]
[White "Schirmbeck, Hannes"]
[Black "Wais, Michael"]
[Result "1-0"]
[WhiteElo "2159"]
[BlackElo "2042"]
[PlyCount "59"]
[EventDate "2000.11.19"]

1. e4 c5 2. Nf3 g6 3. c3 Nc6 4. d4 cxd4 5. cxd4 d5 6. Nc3 dxe4 7. Nxe4 Bg4 8.
d5 Bxf3 9. gxf3 Qa5+ 10. Nc3 Ne5 11. Bb5+ Nd7 12. Bxd7+ Kxd7 13. Qb3 Rc8 14.
Qxb7+ Rc7 15. Qb3 Bg7 16. O-O Be5 17. Bd2 Qa6 18. d6 Bxd6 19. Qxf7 Nf6 20. Rad1
Kc8 21. Bg5 Rd8 22. a4 Qc6 23. Kg2 Kb8 24. Nb5 Rcd7 25. Qb3 Ka8 26. Rfe1 Rb8
27. Qe6 Rbd8 28. Bxf6 exf6 29. Qxf6 Rf8 30. Nxd6 1-0

[Event "AUT2o-chT"]
[Site "Lackenbach"]
[Date "2000.11.19"]
[Round "4.1"]
[White "Wirius, Stefan"]
[Black "Sommerbauer, Norbert"]
[Result "1/2-1/2"]
[WhiteElo "2327"]
[BlackElo "2391"]
[PlyCount "30"]
[EventDate "2000.11.19"]

1. d4 d5 2. Nf3 e6 3. c4 dxc4 4. e3 b5 5. a4 c6 6. b3 b4 7. Bxc4 Nf6 8. O-O Be7
9. Qe2 O-O 10. e4 Bb7 11. e5 Nd5 12. Qe4 Nd7 13. h4 c5 14. Bd3 g6 15. h5 cxd4
1/2-1/2

[Event "AUT2o-chT"]
[Site "Lackenbach"]
[Date "2000.11.19"]
[Round "4.2"]
[White "Lanc, Alois"]
[Black "Wirius, Johannes"]
[Result "1-0"]
[WhiteElo "2392"]
[BlackElo "2239"]
[PlyCount "39"]
[EventDate "2000.11.19"]

1. e4 Nf6 2. e5 Nd5 3. d4 d6 4. c4 Nb6 5. exd6 cxd6 6. Be3 g6 7. h3 Bg7 8. Qd2
O-O 9. Nc3 Nc6 10. Nf3 Bf5 11. d5 Ne5 12. Nxe5 Bxe5 13. Rc1 Rc8 14. b3 Re8 15.
Be2 Bd7 16. O-O e6 17. dxe6 Rxe6 18. a4 Bc6 19. Nb5 Bxb5 20. axb5 1-0

[Event "AUT2o-chT"]
[Site "Lackenbach"]
[Date "2000.11.19"]
[Round "4.4"]
[White "Steiner, Heinz"]
[Black "Zaynard, Andreas"]
[Result "1-0"]
[WhiteElo "2150"]
[BlackElo "2074"]
[PlyCount "87"]
[EventDate "2000.11.19"]

1. d4 d6 2. Nf3 f5 3. g3 g6 4. Bg2 Bg7 5. O-O c6 6. c4 Nf6 7. Nc3 O-O 8. h3 Qc7
9. d5 Na6 10. Nd4 e5 11. dxe6 Nc5 12. Bf4 Ne8 13. Re1 Nxe6 14. Nxe6 Bxe6 15.
Qd3 Qf7 16. b3 Qf6 17. Rac1 Rd8 18. Qe3 Rd7 19. Red1 Qf7 20. Qf3 h6 21. h4 Kh7
22. Qe3 Rg8 23. Rd3 Bf8 24. Rcd1 Qf6 25. Qd2 g5 26. hxg5 hxg5 27. Be3 Be7 28.
Bxa7 Qh6 29. Bd4 Kg6 30. Re3 Kf7 31. Rf3 Qh5 32. Rd3 Ng7 33. e4 fxe4 34. Nxe4
Nf5 35. Rf3 Rg6 36. Be3 Kg8 37. Re1 d5 38. cxd5 Bxd5 39. Rxf5 Be6 40. Qa5 Bd8
41. Qc5 Be7 42. Qe5 Rd5 43. Nf6+ Rxf6 44. Bxd5 1-0